000
00332nam a2200145Ia 4500
008
090124s9999 xx 000 0 und d
082
_b
303342
245
_a
शपथ
250
_a
1
260
_b
देशमुख सुधाकर
_c
1997
300
_a
98
630
_a
शपथ
730
_a
शपथ
942
_c
BOOK
999
_c
192979
_d
192979